Szczegóły MARC21

Inwestycje : instrumenty finansowe, ryzyko finansowe, inżynieria finansowa /

003 -Nazwa inst., której nr kontr. jest w polu 001 [,]
    • @
    • Nazwa instytucji, której n kontrolny jest w polu 001
    • NUKAT
005 -DATA I CZAS OSTATNIEJ MODYFIKACJI [,]
    • @
    • pole kontrolne
    • 20260422094842.0
020 -Międzynarod. znormalizowany nr książki - ISBN [ , ]
    • a
    • Numer ISBN
    • 8301120215 Find
040 -Instytucja sporządzająca opis [ , ]
    • a
    • Instytucja, która sporządziła opis (NP)
    • Ł U/AK
    • c
    • Instytucja, która sporządziła rekord (NP)
    • Ł U/AK
    • d
    • Instytucja, która zmodyfikowała rekord (P)
    • Ł U/AS
    • d
    • Instytucja, która zmodyfikowała rekord (P)
    • Ł U/MSs
    • d
    • Instytucja, która zmodyfikowała rekord (P)
    • KAT 001/PDs
942 -Rodzaj dokumentu [ , ]
    • c
    • Rodzaj dokumentu
    • Książka
100 -Hasło główne - nazwa osobowa [1, ]
    • a
    • Nazwa osobowa (NP)
    • Jajuga, Krzysztof
    • d
    • Daty biograficzne (NP)
    • (1956- ).
    • 9
    • KHW
    • 44369
245 -Strefa tytułu i oznaczenia odpowiedzialności [1,0]
    • a
    • Tytuł
    • Inwestycje : Find
    • b
    • Ciąg dalszy tytułu (NP)
    • instrumenty finansowe, ryzyko finansowe, inżynieria finansowa / Find
    • c
    • Pozostałe elementy strefy tytułu i oznaczenia odpowiedzialności (NP)
    • Krzysztof Jajuga, Teresa Jajuga.
260 -Strefa adresu wydawniczego [ , ]
    • a
    • Miejsce wydania (P)
    • Warszawa :
    • b
    • Nazwa wydawcy (P)
    • Wydawnictwo Naukowe PWN,
    • c
    • Data wydania (P)
    • 1996.
300 -Strefa opisu fizycznego [ , ]
    • a
    • Określenie formy książki i/lub objętość (NP)
    • 230, [1] s. :
    • b
    • Oznaczenie ilustracji (NP)
    • il. ;
    • c
    • Format (NP)
    • 24 cm.
336 -Typ zawartości [ , ]
    • a
    • Termin opisujący typ zawartości
    • Tekst
    • b
    • Kod określający zawartość
    • txt
    • 2
    • Źródło (terminu i kodu)
    • rdacontent
337 -Typ mediów [ , ]
    • a
    • Tryb odtwarzania
    • Bez urządzenia pośredniczącego
    • b
    • Kod typu mediów
    • n
    • 2
    • Źródło (terminu i kodu)
    • rdamedia
338 -Typ/rodzaj nośnika [ , ]
    • a
    • Hasło opisujące typ nośnika
    • Wolumin
    • b
    • Kod typu nośnika
    • nc
    • 2
    • Źródło (terminu i kodu)
    • rdacarrier
380 -Deskryptor - Forma dzieła (P) [ , ]
    • a
    • forma dzieła (NP)
    • Książki
490 -Strefa serii i książki wielotomowej - forma nie do wyszukiwania [1, ]
    • a
    • Tytuł (P)
    • FFF Find
830 -Hasło dodatkowe serii i opisu książki wielotomowej - tytuł ujednolicony/tytuł [ ,0]
    • a
    • Tytuł ujednolicony/tytuł (NP)
    • FFF - Wydawnictwo Naukowe PWN
    • 9
    • KHW
    • 9160
504 -Uwaga dot. bibliogr. załącznikowej [ , ]
    • a
    • Uwaga dot. bibliografii załącznikowej
    • Bibliogr. s. 223-224.
080 -Uniwersalna Klasyfikacja Dziesiętna [ , ]
    • a
    • Symbol klasyfikacji
    • 336.76
    • 2
    • Identyfikator wydania tablic
    • UDC-P058
    • 9
    • UKD
    • 3192
    • b
    • Dopowiedzenie
    • Giełda papierów wartościowych. Rynek pieniężny. Rynek kapitałowy. Rynek finansowy.
    • 4
    • UKD2
    • 8594
    • x
    • Poddział wspólny
    • (07)
    • c
    • Dopowiedzenie poddz. wspólnego
    • (Wydawnictwa dydaktyczne. Podręczniki).
080 -Uniwersalna Klasyfikacja Dziesiętna [ , ]
    • a
    • Symbol klasyfikacji
    • 336.78
    • 2
    • Identyfikator wydania tablic
    • UDC-P058
    • 9
    • UKD
    • 3206
    • b
    • Dopowiedzenie
    • Odsetki. Procent od kapitału. Oprocentowanie. Loteria. Lichwa.
    • 4
    • UKD2
    • 8594
    • x
    • Poddział wspólny
    • (07)
    • c
    • Dopowiedzenie poddz. wspólnego
    • (Wydawnictwa dydaktyczne. Podręczniki).
650 -Hasło przedmiotowe [ ,7]
    • a
    • Hasło przedmiotowe
    • Inwestycje
    • 2
    • Źródło terminu
    • DBN
    • 9
    • KHW
    • 721067
650 -Hasło przedmiotowe [ ,7]
    • a
    • Hasło przedmiotowe
    • Papiery wartościowe
    • 2
    • Źródło terminu
    • DBN
    • 9
    • KHW
    • 742867
650 -Hasło przedmiotowe [ ,7]
    • a
    • Hasło przedmiotowe
    • Rynek kapitałowy
    • 2
    • Źródło terminu
    • DBN
    • 9
    • KHW
    • 724026
650 -Hasło przedmiotowe [ ,7]
    • a
    • Hasło przedmiotowe
    • Ryzyko inwestycyjne
    • 2
    • Źródło terminu
    • DBN
650 -Hasło przedmiotowe [ ,7]
    • a
    • Hasło przedmiotowe
    • Instrumenty finansowe
    • v
    • Określnik formalny
    • podręczniki akademickie.
    • 2
    • Źródło terminu
    • kaba
    • 9
    • KHW
    • 381119
650 -Hasło przedmiotowe [ ,7]
    • a
    • Hasło przedmiotowe
    • Inwestycje kapitału
    • v
    • Określnik formalny
    • podręczniki akademickie.
    • 2
    • Źródło terminu
    • kaba
    • 9
    • KHW
    • 372748
650 -Hasło przedmiotowe [ ,7]
    • a
    • Hasło przedmiotowe
    • Inżynieria finansowa
    • v
    • Określnik formalny
    • podręczniki akademickie.
    • 2
    • Źródło terminu
    • kaba
    • 9
    • KHW
    • 381121
650 -Hasło przedmiotowe [ ,7]
    • a
    • Hasło przedmiotowe
    • Ryzyko rynkowe
    • v
    • Określnik formalny
    • podręczniki akademickie.
    • 2
    • Źródło terminu
    • kaba
    • 9
    • KHW
    • 381120
655 -Hasło w funkcji tematu formalnego [ ,7]
    • a
    • Hasło
    • Podręcznik
    • 2
    • Źródło terminu
    • DBN
    • 9
    • KHW
    • 720960
658 -Ujęcie treści [ , ]
    • a
    • dziedzina nauki i sztuki/ sfera aktywności życiowej
    • Gospodarka, ekonomia, finanse
980 -Symbol UKD [ , ]
    • a
    • UKD
    • 336.76:336.78](07)
700 -Hasło dodatkowe - nazwa osobowa [1, ]
    • a
    • Nazwa osobowa (NP)
    • Jajuga, Teresa Find
    • d
    • Daty biograficzne (NP)
    • (1954- ).
    • 9
    • KHW
    • 20364
710 -Hasło dodatkowe - nazwa ciała zbiorowego [2, ]
    • a
    • Nazwa ciała zbiorowego lub nazwa geograficzna jako pierwszy element (NP)
    • Wydawnictwo Naukowe PWN.
    • 4
    • Kod relacji
    • pbl
    • 9
    • KHW
    • 52648
920 -ISBN [ , ]
    • a
    • ISBN
    • 83-01-12021-5 Find
Data inwentaryzacji Lokalizacja Status udost. Numer inwentarzowy Sygnatura
1996-11-18BE2E.63969 
1996-11-18BE-3S.79663 
1996-11-18BE2S.79664 
1996-11-18BE2S.79665 
1996-11-18BE2S.79666 
1996-11-18BE2S.79667 
1996-11-18BE2S.79668 
1996-11-18BE2S.79669 
1997-02-03BG-3W.188773W.188773
1997-02-03BG-3W.188774W.188773
1997-02-03BG-3W.188775W.188773
1997-02-18BSA1SA.7435SA.7435
1996-11-18T-3TS.79670 
1996-11-18T-3TS.79671 
1996-11-18T-3TS.79672